000 00845nam a2200265Ia 4500
001 Z_424
003 CHAP
008 220113s2003 xx 000 0 und d
010 _a163400
040 _cCHAP
090 _aTesis C 1690
100 _aCobá Chan, Andrés Fernando
_924177
245 _aPropuesta de un plan de manejo para la producción confinada del venado cola blanca (Odocoileus verginianus yucatanensis. Hays 1872) /
_cpor Andrés Fernando Cobá Chan
260 _aChapingo, Méx. :
_bEl autor,
_c2003
300 _a110 h.
502 _aTesis (Ing. Agr. Esp. en Zootecnia) -- UACH. Departamento de Zootecnia
650 _aVenados
_9118663
650 _aVida silvestre
_x
_x Conservación
_x
_x Yucatán
_9137622
901 _aTESIS C 1690
902 _aM
910 _a2003
942 _c2
942 _c2
999 _c163400
_d163400